00222nam a2200097 a 450000500170000000800410001705000170005824500140007530000090008944000260009820140412111246.0081020s19uu xx 00 eng d aERbH37 bk.9 aThe Cake. a14p. aHappy Venture Library